新海誠監督の映画(ポスター付き) - Statistics

General Stats
  • This quiz has been taken 186 times
  • The average score is 4 of 7
Answer Stats
Picture Answer % Correct
君の名は。
97%
天気の子
95%
すずめの戸締まり
91%
秒速5センチメートル
65%
言の葉の庭
50%
雲のむこう、約束の場所
18%
星を追う子ども
12%
No matching quizzes found
Score Distribution
Percent of People with Each Score
Percentile by Number Answered
Your Score History
You have not taken this quiz